আরব জাতির ইতিহাস / (Record no. 103989)
[ view plain ]
| 000 -LEADER | |
|---|---|
| fixed length control field | 01001nam a22002297a 4500 |
| 003 - CONTROL NUMBER IDENTIFIER | |
| control field | BD-DhUL |
| 005 - DATE AND TIME OF LATEST TRANSACTION | |
| control field | 20190714155417.0 |
| 008 - FIXED-LENGTH DATA ELEMENTS--GENERAL INFORMATION | |
| fixed length control field | 160904s2007 b | ||| |||| 000 0 b d |
| 020 ## - INTERNATIONAL STANDARD BOOK NUMBER | |
| International Standard Book Number | 9847013100693(hbk) |
| 040 ## - CATALOGING SOURCE | |
| Original cataloging agency | BD-DhUL |
| Transcribing agency | BD-DhUL |
| 082 ## - DEWEY DECIMAL CLASSIFICATION NUMBER | |
| Classification number | 953 |
| Item number | RAA |
| 100 1# - MAIN ENTRY--PERSONAL NAME | |
| Personal name | রেজা-ই-করীম, মুহম্মদ |
| 245 10 - TITLE STATEMENT | |
| Title | আরব জাতির ইতিহাস / |
| Statement of responsibility, etc. | মুহম্মদ রেজা-ই-করীম |
| 250 ## - EDITION STATEMENT | |
| Edition statement | ৫ম, ১ম মেরিট ফেয়ার সং |
| 260 ## - PUBLICATION, DISTRIBUTION, ETC. (IMPRINT) | |
| Place of publication, distribution, etc. | ঢাকা : |
| Name of publisher, distributor, etc. | মেরিট ফেয়ার, |
| Date of publication, distribution, etc. | ২০০৭. |
| 300 ## - PHYSICAL DESCRIPTION | |
| Extent | ৪৪৮ পৃ. : |
| Other physical details | চিত্র, মানচিত্র ; |
| Dimensions | ২২ সেমি. |
| 365 ## - TRADE PRICE | |
| Price type code | BDT |
| Price amount | 400 |
| 504 ## - BIBLIOGRAPHY, ETC. NOTE | |
| Bibliography, etc | গ্রন্থপঞ্জি: পৃ. ৪৪৭-৪৪৮ গ্রন্থপঞ্জিগত তথ্য সংবলিত |
| 650 #0 - SUBJECT ADDED ENTRY--TOPICAL TERM | |
| Topical term or geographic name as entry element | আরব জাতি |
| General subdivision | ইতিহাস |
| 650 #0 - SUBJECT ADDED ENTRY--TOPICAL TERM | |
| Topical term or geographic name as entry element | Arab nations |
| General subdivision | History |
| 942 ## - ADDED ENTRY ELEMENTS (KOHA) | |
| Source of classification or shelving scheme | |
| Koha item type | Books |
| Price effective from | Date last seen | Permanent Location | Not for loan | Date acquired | Source of classification or shelving scheme | Koha item type | Lost status | Withdrawn status | Copy number | Source of acquisition | Collection code | Damaged status | Shelving location | Barcode | Current Location | Full call number |
|---|---|---|---|---|---|---|---|---|---|---|---|---|---|---|---|---|
| 2016-09-04 | 2016-09-04 | Dhaka University Library | 2016-09-04 | Books | 4 | Purchased | Non Fiction | General Stacks | 458384 | Dhaka University Library | 953 RAA | |||||
| 2016-09-04 | 2016-09-04 | Dhaka University Library | 2016-09-04 | Books | 1 | purchased | Non Fiction | General Stacks | 450101 | Dhaka University Library | 953 RAA | |||||
| 2016-09-04 | 2016-09-04 | Dhaka University Library | 2016-09-04 | Books | 2 | purchased | Non Fiction | General Stacks | 450102 | Dhaka University Library | 953 RAA | |||||
| 2016-09-04 | 2016-09-04 | Dhaka University Library | 2016-09-04 | Books | 3 | Purchased | Non Fiction | General Stacks | 458383 | Dhaka University Library | 953 RAA | |||||
| 2019-07-14 | 2019-07-14 | Dhaka University Library | 2019-07-14 | Books | 5 | Purchased | Non Fiction | General Stacks | 506065 | Dhaka University Library | 953 RAA | |||||
| 2019-07-14 | 2019-07-14 | Dhaka University Library | 2019-07-14 | Books | 6 | Purchased | Non Fiction | General Stacks | 506066 | Dhaka University Library | 953 RAA | |||||
| 2019-07-14 | 2019-07-14 | Dhaka University Library | 2019-04-28 | Books | 7 | Purchased | Non Fiction | General Stacks | 507706 | Dhaka University Library | 953 RAA | |||||
| 2019-07-14 | 2019-07-14 | Dhaka University Library | 2019-04-28 | Books | 8 | Purchased | Non Fiction | General Stacks | 507707 | Dhaka University Library | 953 RAA | |||||
| 2019-07-14 | 2019-07-14 | Dhaka University Library | 2019-04-28 | Books | 9 | Purchased | Non Fiction | General Stacks | 507854 | Dhaka University Library | 953 RAA | |||||
| 2019-07-14 | 2019-07-14 | Dhaka University Library | 2019-04-28 | Books | 10 | Purchased | Non Fiction | General Stacks | 507855 | Dhaka University Library | 953 RAA |
